| 000 | 00544nam a22002057a 4500 | ||
|---|---|---|---|
| 005 | 20260513115407.0 | ||
| 008 | 260513b |||||||| |||| 00| 0 eng d | ||
| 020 |
_a9780387683461 _c9897.10 |
||
| 040 | _aMAIN | ||
| 041 | _aEnglish | ||
| 082 |
_a547 _bCAR |
||
| 100 | _aCarey, Francis A. | ||
| 245 |
_aAdvanced Organic Chemistry _b: Part A Structure and Mechanisms |
||
| 250 | _a5th | ||
| 260 |
_aNew York _bSpringer _c2007 |
||
| 300 | _a1199 | ||
| 650 |
_aChemistry (PM USHA) _926803 |
||
| 700 | _aSundberg, Richard J. | ||
| 942 | _cBK | ||
| 999 |
_c60775 _d60775 |
||